=LDR 00000nam 2200000 4500 =001 INLIS000000000048472 =005 20161104114516.0 =006 =007 =008 =035 ##$$0010-111600000000051 =040 ##$$a ind =082 ##$$a 352 =090 ##$$a 352.007$bprop =100 ##$$a buddy prasadja =245 ##$$a pembangunan desa dan masalah kepemimpinannya =260 ##$$a jakarta $b CVrajawali $c 1980 $e jakarta $f radar jaya offset $g 1980 =300 ##$$a viii $b 145 hlm $c 17cm =850 ##$$a 0001/BPAP-NTB/2016 =990 ##$$a 00091719 =990 ##$$a 0001/BPAP-NTB/2016